[Event "POL-ch 64th"]
[Site "Opole POL"]
[Date "2007.02.14"]
[Round "6.2"]
[White "Macieja, Bartlomiej"]
[Black "Bartel, Mateusz"]
[Result "1/2-1/2"]
[WhiteElo "2629"]
[BlackElo "2587"]
[EventDate "2007.02.09"]
[PlyCount "159"]

1. d4 f5 2. c4 Nf6 3. Nc3 g6 4. h4 d6 5. h5 Nxh5 6. Rxh5 gxh5 7. e4 c6 8. Qxh5+
Kd7 9. Qxf5+ Kc7 10. Qh5 Bd7 11. c5 Qe8 12. cxd6+ exd6 13. Qh2 b5 14. Bd3 Na6
15. a3 Kb7 16. Bf4 Qg6 17. Rd1 Be7 18. Nge2 Rae8 19. b4 h5 20. d5 Nb8 21. dxc6+
Bxc6 22. f3 a6 23. e5 Qg7 24. Ne4 dxe5 25. Bxe5 Qxe5 26. Qxe5 Bh4+ 27. Qg3
Bxg3+ 28. N2xg3 h4 29. Nf5 Ref8 30. Kf2 h3 31. g4 Nd7 32. Kg3 Ne5 33. Ned6+ Kc7
34. Be4 Rd8 35. Bxc6 Nxc6 36. Kh2 Rhf8 37. Rf1 Rxd6 38. Nxd6 Kxd6 39. Kxh3 Ke5
40. Kg3 Rd8 41. Rc1 Ne7 42. Rc7 Nd5 43. Rc1 Rd6 44. Re1+ Kf6 45. Rd1 Ke7 46.
Rc1 Re6 47. Rd1 Ne3 48. Rh1 Nc4 49. Rh7+ Kf6 50. f4 Re3+ 51. Kh4 Rxa3 52. g5+
Kf5 53. Rf7+ Kg6 54. Rf6+ Kg7 55. f5 Ne5 56. Re6 Nf7 57. Rg6+ Kf8 58. Rf6 Kg7
59. Rg6+ Kf8 60. Rf6 Kg8 61. Rg6+ Kh8 62. Rf6 Ne5 63. Re6 Re3 64. Rxa6 Rf3 65.
Ra8+ Kg7 66. Ra7+ Kf8 67. Ra8+ Ke7 68. Ra7+ Kd6 69. g6 Rxf5 70. g7 Rf4+ 71. Kh3
Rg4 72. Rb7 Rg1 73. Rb6+ Kd5 74. Rxb5+ Ke4 75. Rb8 Rxg7 76. b5 Nd3 77. Ra8 Kf3
78. Kh4 Nf4 79. Ra3+ Ke4 80. b6 1/2-1/2

[Event "POL-ch 64th"]
[Site "Opole POL"]
[Date "2007.02.14"]
[Round "6.5"]
[White "Lubczynski, Rafal"]
[Black "Bobras, Piotr"]
[Result "0-1"]
[WhiteElo "2383"]
[BlackElo "2542"]
[EventDate "2007.02.09"]
[PlyCount "84"]

1. d4 d5 2. c4 c6 3. Nf3 Nf6 4. e3 Bf5 5. Nc3 e6 6. Nh4 Bg6 7. Nxg6 hxg6 8. Bd2
Nbd7 9. Rc1 Be7 10. cxd5 exd5 11. g3 Nb6 12. Bg2 Nc4 13. Rc2 Nd6 14. O-O Qd7
15. f3 O-O 16. Be1 c5 17. Ne2 Rac8 18. dxc5 Nc4 19. Bf2 Bxc5 20. Nd4 Rfe8 21.
Re1 a6 22. Ree2 b5 23. h4 Qa7 24. Bh3 Rc7 25. Kh2 Qb6 26. Qc1 Rce7 27. Bf1 Nd7
28. Re1 Bxd4 29. exd4 Rxe1 30. Bxe1 Qxd4 31. Bf2 Qf6 32. Kg2 d4 33. Bxc4 bxc4
34. Rxc4 Ne5 35. Rxd4 Qxf3+ 36. Kg1 Nd3 37. Rxd3 Qxd3 38. b4 Qf3 39. Qf1 Rd8
40. Qg2 Rd1+ 41. Kh2 Qxg2+ 42. Kxg2 Ra1 0-1

[Event "POL-ch 64th"]
[Site "Opole POL"]
[Date "2007.02.14"]
[Round "6.6"]
[White "Heberla, Bartlomiej"]
[Black "Bobula, Mateusz"]
[Result "0-1"]
[WhiteElo "2557"]
[BlackElo "2359"]
[EventDate "2007.02.09"]
[PlyCount "74"]

1. e4 e6 2. d3 d5 3. Qe2 Nf6 4. Nf3 c5 5. g3 Nc6 6. Bg2 Be7 7. O-O b6 8. e5 Nd7
9. c4 d4 10. Nfd2 Bb7 11. f4 Qc7 12. Ne4 h5 13. Nbd2 O-O-O 14. Nf3 f6 15. exf6
gxf6 16. Nf2 Nf8 17. f5 exf5 18. Nh4 Ne5 19. Nxf5 Bxg2 20. Kxg2 Nfg6 21. Ne4 h4
22. Bf4 Nxf4+ 23. Rxf4 hxg3 24. hxg3 Rdg8 25. Rh1 Ng6 26. Rg4 Rxh1 27. Kxh1 Qd7
28. Qf1 Bd8 29. Kg1 Qe6 30. Qh3 Rh8 31. Qg2 Kb8 32. Rxg6 Qxf5 33. Rg7 Qe5 34.
Rb7+ Kxb7 35. Nxc5+ Kc7 36. Qb7+ Kd6 37. Qd7+ Kxc5 0-1

[Event "POL-ch 64th"]
[Site "Opole POL"]
[Date "2007.02.15"]
[Round "7.2"]
[White "Bobula, Mateusz"]
[Black "Tomczak, Jacek"]
[Result "1/2-1/2"]
[WhiteElo "2359"]
[BlackElo "2457"]
[EventDate "2007.02.09"]
[PlyCount "96"]

1. d4 d5 2. Nf3 Nf6 3. c4 dxc4 4. e3 e6 5. Bxc4 c5 6. O-O a6 7. dxc5 Bxc5 8.
Qxd8+ Kxd8 9. Nbd2 Ke7 10. b3 b6 11. Bb2 Bb7 12. Be2 Nc6 13. Rfd1 Rhd8 14. Ne1
Kf8 15. Nd3 Be7 16. f3 Nd5 17. Kf2 Ncb4 18. Nxb4 Bxb4 19. Ne4 f5 20. Ng5 Ke7
21. Bc4 Bc5 22. Bxd5 Bxd5 23. Nh3 g5 24. Nxg5 f4 25. Bd4 fxe3+ 26. Bxe3 Bxe3+
27. Kxe3 Rg8 28. h4 h6 29. Nh3 Rxg2 30. Nf4 Rh2 31. Nxd5+ exd5 32. Rxd5 Rxh4
33. Rc1 Ke6 34. Rd2 Re8 35. Rc6+ Kf5+ 36. Kd3 Rd8+ 37. Kc3 Rxd2 38. Kxd2 Rh2+
39. Kc3 Rxa2 40. Rxh6 b5 41. Kb4 Ke5 42. Rg6 Kf4 43. Rf6+ Ke3 44. f4 Ke4 45.
Rf8 Ra1 46. f5 Ke5 47. Kc5 Ra3 48. Kb4 Ra1 1/2-1/2

[Event "POL-ch 64th"]
[Site "Opole POL"]
[Date "2007.02.15"]
[Round "7.3"]
[White "Bobras, Piotr"]
[Black "Heberla, Bartlomiej"]
[Result "1/2-1/2"]
[WhiteElo "2542"]
[BlackElo "2557"]
[EventDate "2007.02.09"]
[PlyCount "61"]

1. e4 c5 2. Nf3 Nc6 3. d4 cxd4 4. Nxd4 Nf6 5. Nc3 d6 6. Bg5 e6 7. Qd2 Be7 8.
O-O-O O-O 9. f3 Qb6 10. Be3 Nxd4 11. Bxd4 Qc6 12. g4 e5 13. Be3 Be6 14. Nd5
Bxd5 15. exd5 Qa4 16. Kb1 Bd8 17. h4 Bb6 18. Bg5 Bd8 19. Bd3 e4 20. Bxe4 Nxe4
21. fxe4 Qxe4 22. Bf4 Ba5 23. Qd4 Qxd4 24. Rxd4 Rad8 25. b4 Bb6 26. Re4 f5 27.
gxf5 Rxf5 28. c4 a5 29. a3 axb4 30. axb4 Bf2 31. Bg5 1/2-1/2

[Event "POL-ch 64th"]
[Site "Opole POL"]
[Date "2007.02.15"]
[Round "7.6"]
[White "Bartel, Mateusz"]
[Black "Cyborowski, Lukasz"]
[Result "1/2-1/2"]
[WhiteElo "2587"]
[BlackElo "2580"]
[EventDate "2007.02.09"]
[PlyCount "77"]

1. e4 c5 2. Nf3 e6 3. d4 cxd4 4. Nxd4 Nf6 5. Nc3 Nc6 6. g3 d5 7. exd5 Nxd5 8.
Bg2 Nxc3 9. bxc3 Nxd4 10. Qxd4 Be7 11. Qxd8+ Kxd8 12. Rb1 Bd6 13. Be3 Ke7 14.
O-O Rb8 15. Bxa7 Ra8 16. Bd4 e5 17. Rfe1 Rxa2 18. Bxe5 Bxe5 19. Rxe5+ Kf6 20.
Re2 Be6 21. f4 Rc8 22. f5 Kxf5 23. Bh3+ Kg6 24. Bxe6 fxe6 25. Rxe6+ Kf7 26. Re3
Rxc2 27. Rxb7+ Kf6 28. Rf3+ Kg6 29. Rff7 Rg8 30. Rf2 Rxc3 31. Rb6+ Kg5 32. Kg2
g6 33. Rb7 Rh8 34. h4+ Kh5 35. Rff7 h6 36. Rb5+ g5 37. Rg7 Rhc8 38. Kh3 R8c7
39. Rg8 1/2-1/2

[Event "POL-ch 64th"]
[Site "Opole POL"]
[Date "2007.02.16"]
[Round "8.1"]
[White "Grabarczyk, Miroslaw"]
[Black "Macieja, Bartlomiej"]
[Result "1/2-1/2"]
[WhiteElo "2461"]
[BlackElo "2629"]
[EventDate "2007.02.09"]
[PlyCount "85"]

1. d4 e6 2. c4 b6 3. Nf3 Bb7 4. g3 Bb4+ 5. Nbd2 Bxf3 6. exf3 Qf6 7. d5 Bxd2+ 8.
Bxd2 Qxb2 9. f4 exd5 10. Bg2 Nf6 11. O-O O-O 12. Be3 c5 13. g4 Na6 14. cxd5 Qa3
15. g5 Ne8 16. d6 Rd8 17. f5 c4 18. Bf4 Nb4 19. Rc1 Nd3 20. Rxc4 Nb2 21. Qd4
Nxc4 22. Qxc4 Nxd6 23. Qd5 Nc8 24. f6 Qc5 25. Qd3 d5 26. Rc1 Qb4 27. Bc7 Rde8
28. fxg7 Re1+ 29. Rxe1 Qxe1+ 30. Bf1 Re8 31. Qxd5 Ne7 32. Qb7 Ng6 33. Qxa7 Qe7
34. Qxb6 Qxg5+ 35. Bg3 h5 36. Qb5 Qxb5 37. Bxb5 Re1+ 38. Kg2 h4 39. Bd6 Rd1 40.
Bc7 Rc1 41. Bd6 Rd1 42. Bc7 Rc1 43. Bd6 1/2-1/2

[Event "POL-ch 64th"]
[Site "Opole POL"]
[Date "2007.02.16"]
[Round "8.2"]
[White "Cyborowski, Lukasz"]
[Black "Socko, Bartosz"]
[Result "1/2-1/2"]
[WhiteElo "2580"]
[BlackElo "2629"]
[EventDate "2007.02.09"]
[PlyCount "82"]

1. e4 e6 2. d3 c5 3. Nf3 Nc6 4. g3 g6 5. d4 cxd4 6. Nxd4 d5 7. Bb5 Bd7 8. exd5
Nxd4 9. Qxd4 Bxb5 10. Nc3 Qf6 11. Nxb5 Qxd4 12. Nxd4 O-O-O 13. Be3 Rxd5 14. c4
Rd7 15. O-O-O a6 16. Nf3 Bh6 17. Rxd7 Bxe3+ 18. fxe3 Kxd7 19. Rd1+ Ke7 20. Ne5
Nf6 21. b4 Rc8 22. Kb2 Rc7 23. Kb3 Ne4 24. c5 f6 25. Nc4 Rd7 26. Rd4 f5 27. Ka4
Nc3+ 28. Ka5 Nxa2 29. Kb6 Nxb4 30. Rxd7+ Kxd7 31. Kxb7 e5 32. Nxe5+ Ke6 33. Nc6
Nd5 34. Nd4+ Ke5 35. Nf3+ Ke4 36. Ng5+ Kxe3 37. Kxa6 h5 38. Kb7 Nb4 39. Ne6 h4
40. gxh4 f4 41. Nxf4 1/2-1/2

[Event "POL-ch 64th"]
[Site "Opole POL"]
[Date "2007.02.16"]
[Round "8.3"]
[White "Grabarczyk, Bogdan"]
[Black "Bartel, Mateusz"]
[Result "0-1"]
[WhiteElo "2441"]
[BlackElo "2587"]
[EventDate "2007.02.09"]
[PlyCount "67"]

1. e4 e5 2. Bc4 Nf6 3. d3 Nc6 4. f4 exf4 5. Nc3 Bb4 6. Nf3 d5 7. exd5 Nxd5 8.
O-O Bxc3 9. bxc3 Be6 10. Qe1 g5 11. Rb1 h6 12. Rxb7 O-O 13. Qf2 Nb6 14. Bxe6
fxe6 15. Qe2 Qd7 16. Qe4 Rf5 17. c4 Na4 18. Ba3 Re8 19. Rb3 g4 20. Nh4 Nd4 21.
Kh1 Rg5 22. Rxf4 Nxb3 23. axb3 Qg7 24. Rf1 Nb6 25. Bc1 Re5 26. Qf4 Re2 27. Qxh6
Qxh6 28. Bxh6 Re7 29. Kg1 Rf7 30. Rc1 Kh7 31. Bg5 Nd7 32. d4 e5 33. dxe5 Nxe5
34. g3 Rff2 0-1

[Event "POL-ch 64th"]
[Site "Opole POL"]
[Date "2007.02.16"]
[Round "8.4"]
[White "Lubczynski, Rafal"]
[Black "Kempinski, Robert"]
[Result "1/2-1/2"]
[WhiteElo "2383"]
[BlackElo "2590"]
[EventDate "2007.02.09"]
[PlyCount "92"]

1. d4 Nf6 2. c4 g6 3. g3 Bg7 4. Bg2 d5 5. cxd5 Nxd5 6. Nf3 O-O 7. O-O c5 8. Nc3
Nxc3 9. bxc3 Nc6 10. Ba3 cxd4 11. Nxd4 Qa5 12. Qb3 Nxd4 13. cxd4 Bxd4 14. Bxe7
Re8 15. Rad1 Bxf2+ 16. Rxf2 Rxe7 17. Bd5 Bf5 18. e4 Be6 19. Bxe6 fxe6 20. Rd7
Qe1+ 21. Rf1 Qxf1+ 22. Kxf1 Rxd7 23. Qxe6+ Rf7+ 24. Kg2 Rd8 25. h4 Kf8 26. Kh3
Re8 27. Qd6+ Kg8 28. Qd5 h5 29. g4 hxg4+ 30. Kxg4 Kg7 31. Kh3 a6 32. Qd4+ Kh7
33. a4 Re6 34. Qd5 Rfe7 35. h5 gxh5 36. Qf5+ Kg7 37. Qg5+ Kh8 38. a5 h4 39. Kh2
Rxe4 40. Qh6+ Kg8 41. Qg6+ Kf8 42. Qf5+ Ke8 43. Qc8+ Kf7 44. Qf5+ Ke8 45. Qc8+
Kf7 46. Qf5+ Ke8 1/2-1/2

[Event "POL-ch 64th"]
[Site "Opole POL"]
[Date "2007.02.16"]
[Round "8.5"]
[White "Heberla, Bartlomiej"]
[Black "Markowski, Tomasz"]
[Result "1/2-1/2"]
[WhiteElo "2557"]
[BlackElo "2553"]
[EventDate "2007.02.09"]
[PlyCount "201"]

1. e4 c5 2. c3 d5 3. exd5 Qxd5 4. d4 Nf6 5. Nf3 e6 6. Be2 cxd4 7. cxd4 Nc6 8.
O-O Be7 9. Nc3 Qa5 10. Be3 O-O 11. a3 Nd5 12. Nxd5 Qxd5 13. Rc1 Rd8 14. Bc4 Qa5
15. Qb3 Qh5 16. Rfd1 Bd7 17. Qxb7 Na5 18. Qe4 Ba4 19. Re1 Nxc4 20. Rxc4 Bb3 21.
Rc3 Bd5 22. Qe5 Qg6 23. Qg3 Rdb8 24. Re2 Qxg3 25. hxg3 f6 26. Ne1 a5 27. Nd3
Kf7 28. Nf4 Rc8 29. Nxd5 exd5 30. Rec2 Rxc3 31. Rxc3 Rb8 32. Bc1 Ke6 33. Kf1
Kd7 34. Ke2 h5 35. Kd3 g5 36. Kc2 a4 37. Bd2 Ra8 38. Re3 Rc8+ 39. Bc3 Rb8 40.
Re1 Bd6 41. Rh1 Re8 42. Kd3 Rh8 43. Rb1 Rb8 44. Rh1 Rh8 45. g4 h4 46. f3 Rb8
47. Kc2 Ra8 48. Re1 Rc8 49. Re3 Rb8 50. Rd3 Ra8 51. Bd2 Rc8+ 52. Rc3 Re8 53.
Re3 Rc8+ 54. Rc3 Re8 55. Kd1 Rb8 56. Bc1 Rb7 57. Kc2 Rb8 58. b3 axb3+ 59. Rxb3
Rc8+ 60. Rc3 Rb8 61. Rb3 Rc8+ 62. Rc3 Rb8 63. Bb2 Re8 64. Kb1 Rb8 65. Ka2 Re8
66. Rc2 Rb8 67. Re2 Rc8 68. Kb3 Rb8+ 69. Ka2 Rc8 70. Kb1 Rb8 71. Re3 Bf4 72.
Rc3 Bd6 73. Ka2 Re8 74. Rc2 Rb8 75. Bc1 Ra8 76. Rc3 Re8 77. Be3 Ra8 78. Rd3 Re8
79. Kb2 Rb8+ 80. Rb3 Ra8 81. Bd2 Re8 82. Be3 Ra8 83. Ka2 Ra4 84. Rd3 Ra8 85.
Bd2 Re8 86. Re3 Ra8 87. Rc3 Re8 88. Be3 Ra8 89. Kb2 Rb8+ 90. Kc2 Ra8 91. Bc1
Re8 92. Kd1 Rb8 93. Ke2 Re8+ 94. Kd3 Rb8 95. Ke2 Re8+ 96. Kd1 Rb8 97. Kc2 Re8
98. Kb2 Re2+ 99. Rc2 Bxa3+ 100. Kb3 Rxc2 101. Kxc2 1/2-1/2

[Event "POL-ch 64th"]
[Site "Opole POL"]
[Date "2007.02.16"]
[Round "8.6"]
[White "Tomczak, Jacek"]
[Black "Bobras, Piotr"]
[Result "1/2-1/2"]
[WhiteElo "2457"]
[BlackElo "2542"]
[EventDate "2007.02.09"]
[PlyCount "86"]

1. e4 c5 2. Nf3 Nc6 3. d4 cxd4 4. Nxd4 g6 5. Be2 Bg7 6. Nb3 Nf6 7. Nc3 O-O 8.
O-O d6 9. Re1 b6 10. Bf1 Bb7 11. Nd5 Nd7 12. c3 e6 13. Nf4 Nc5 14. f3 a6 15.
Be3 Qc7 16. a4 Ne7 17. Re2 Rad8 18. Rd2 d5 19. a5 Nxb3 20. axb6 Qb8 21. Qxb3
Bh6 22. g3 dxe4 23. Rxd8 Rxd8 24. fxe4 Qe5 25. Re1 Nf5 26. exf5 Bxf4 27. Bf2
Qxf5 28. gxf4 Qg4+ 29. Bg3 Qf3 30. Re2 Rd3 31. Qa4 Qh1+ 32. Kf2 Rf3+ 33. Ke1
Rxf1+ 34. Kd2 Qd5+ 35. Qd4 Qb3 36. Qd8+ Kg7 37. Qd4+ Kh6 38. Re1 Qxb2+ 39. Kd3
Rf3+ 40. Re3 Qb1+ 41. Ke2 Qb2+ 42. Ke1 Qb1+ 43. Ke2 Qb2+ 1/2-1/2

[Event "POL-ch 64th"]
[Site "Opole POL"]
[Date "2007.02.18"]
[Round "9.2"]
[White "Bobras, Piotr"]
[Black "Wojtaszek, Radoslaw"]
[Result "0-1"]
[WhiteElo "2542"]
[BlackElo "2637"]
[EventDate "2007.02.09"]
[PlyCount "78"]

1. e4 c6 2. d4 d5 3. Nc3 dxe4 4. Nxe4 Nd7 5. Ng5 Ngf6 6. Bd3 e6 7. N1f3 Bd6 8.
Qe2 h6 9. Ne4 Nxe4 10. Qxe4 Qc7 11. O-O b6 12. Qg4 Kf8 13. b3 Bb7 14. Bb2 Nf6
15. Qh4 Nd5 16. Ne5 g5 17. Qg3 Nf4 18. Qe3 c5 19. Be4 cxd4 20. Bxd4 Bxe5 21.
Bxe5 Qxe5 22. Bxb7 Ne2+ 23. Kh1 Qxe3 24. fxe3 Rb8 25. Bf3 Nc3 26. Bh5 Rb7 27.
e4 Kg7 28. e5 Rc7 29. Rf3 Nd5 30. Raf1 Rf8 31. g3 Nb4 32. c4 Nxa2 33. h4 Nb4
34. hxg5 hxg5 35. Kg2 Rd7 36. Re3 Rh8 37. Be2 Rd2 38. Rf2 Nc2 39. Ref3 Ne1+ 0-1

[Event "POL-ch 64th"]
[Site "Opole POL"]
[Date "2007.02.18"]
[Round "9.3"]
[White "Markowski, Tomasz"]
[Black "Tomczak, Jacek"]
[Result "1-0"]
[WhiteElo "2553"]
[BlackElo "2457"]
[EventDate "2007.02.09"]
[PlyCount "83"]

1. c4 e5 2. e3 Nf6 3. a3 c5 4. Nc3 Nc6 5. Nf3 a6 6. Be2 d5 7. cxd5 Nxd5 8. Qc2
Be7 9. O-O O-O 10. Bd3 g6 11. Nxd5 Qxd5 12. Be4 Qe6 13. b3 Na5 14. Bb2 f5 15.
Bd3 e4 16. Qc3 Bf6 17. Qxa5 b6 18. Qa4 exd3 19. Bxf6 Rxf6 20. Ng5 Qd6 21. Qh4
Ra7 22. b4 Rc7 23. Rac1 Bb7 24. bxc5 bxc5 25. Rc3 f4 26. exf4 Rxf4 27. Qg3 Rd4
28. Ne6 Qxe6 29. Qxc7 Bxg2 30. Qxc5 Rg4 31. Qc8+ Qxc8 32. Rxc8+ Kg7 33. Rc7+
Kh6 34. f3 Bxf3+ 35. Kf2 Be2 36. Rb1 Ra4 37. Rbb7 Rxa3 38. h4 Kh5 39. Kg3 h6
40. Rc5+ g5 41. hxg5 hxg5 42. Rc6 1-0

[Event "POL-ch 64th"]
[Site "Opole POL"]
[Date "2007.02.18"]
[Round "9.4"]
[White "Kempinski, Robert"]
[Black "Heberla, Bartlomiej"]
[Result "1/2-1/2"]
[WhiteElo "2590"]
[BlackElo "2557"]
[EventDate "2007.02.09"]
[PlyCount "98"]

1. d4 d5 2. c4 dxc4 3. Nf3 a6 4. a4 Nf6 5. e3 Bg4 6. Bxc4 Nc6 7. O-O e6 8. b3
Bd6 9. Bb2 Qe7 10. Be2 e5 11. dxe5 Nxe5 12. Nd4 O-O-O 13. Nd2 c5 14. Qc2 Bc7
15. N4f3 Nxf3+ 16. Nxf3 Ne4 17. Rfd1 f6 18. Rac1 Kb8 19. Ba3 Rxd1+ 20. Rxd1 Rc8
21. Rd5 Ba5 22. h3 Qe6 23. Bc4 Bxf3 24. gxf3 Nd6 25. Rxc5 Rxc5 26. Bxc5 Nxc4
27. Qxc4 Qxc4 28. bxc4 Kc7 29. Kf1 Kc6 30. Bf8 g6 31. Ke2 b5 32. cxb5+ axb5 33.
axb5+ Kxb5 34. f4 Kc6 35. Be7 f5 36. f3 Kd5 37. Kd3 Ke6 38. Ba3 Kd5 39. e4+ Ke6
40. Bc1 Bd8 41. Kc4 Be7 42. Be3 Bd6 43. Bd2 Ba3 44. Kb5 Kd7 45. Kb6 Be7 46. Bc1
Bb4 47. Kb5 Be7 48. Be3 Bd6 49. Bd2 Ba3 1/2-1/2

[Event "POL-ch 64th"]
[Site "Opole POL"]
[Date "2007.02.18"]
[Round "9.7"]
[White "Macieja, Bartlomiej"]
[Black "Cyborowski, Lukasz"]
[Result "1/2-1/2"]
[WhiteElo "2629"]
[BlackElo "2580"]
[EventDate "2007.02.09"]
[PlyCount "149"]

1. e4 c6 2. d4 d5 3. Nc3 dxe4 4. Nxe4 Bf5 5. Ng3 Bg6 6. h4 h6 7. Nf3 Nd7 8. h5
Bh7 9. Bd3 Bxd3 10. Qxd3 e6 11. Bf4 Qa5+ 12. Bd2 Qc7 13. O-O-O Ngf6 14. Ne4
O-O-O 15. g3 Nxe4 16. Qxe4 Bd6 17. c4 c5 18. Bc3 Nf6 19. Qe2 cxd4 20. Nxd4 a6
21. Nf3 Qc6 22. Ne5 Bxe5 23. Bxe5 Rxd1+ 24. Rxd1 Rd8 25. Re1 Ne8 26. Bc3 Qc5
27. b3 Nf6 28. Rh1 Qa3+ 29. Kb1 Qd6 30. Kc2 Qa3 31. Kb1 Qd6 32. Kc2 Qa3 33. Bb2
Qa5 34. g4 e5 35. f3 e4 36. fxe4 Qg5 37. Bxf6 Qxf6 38. Rf1 Qe5 39. Qf3 Rd7 40.
Qf4 Qd4 41. e5 Qd3+ 42. Kb2 Qe2+ 43. Ka3 Rd2 44. Ra1 Rd7 45. c5 a5 46. Rc1 Rd2
47. Ra1 Rd7 48. Qf5 Qe3 49. Rd1 Qxc5+ 50. Kb2 Qe7 51. Rd5 Kd8 52. Rxa5 Qb4 53.
Ra8+ Ke7 54. Rc8 Rd2+ 55. Kb1 Rd1+ 56. Rc1 Rxc1+ 57. Kxc1 Qe1+ 58. Kb2 Qe2+ 59.
Ka3 Qa6+ 60. Kb2 Qe2+ 61. Ka3 Qa6+ 62. Kb4 Qb6+ 63. Kc3 Qc5+ 64. Kb2 Qd4+ 65.
Kc2 b5 66. g5 b4 67. gxh6 Qc3+ 68. Kd1 Qa1+ 69. Kd2 Qxa2+ 70. Qc2 Qxc2+ 71.
Kxc2 gxh6 72. Kd3 Ke6 73. Ke4 f6 74. exf6 Kxf6 75. Kf4 1/2-1/2

[Event "POL-ch 64th"]
[Site "Opole POL"]
[Date "2007.02.19"]
[Round "10.1"]
[White "Grabarczyk, Miroslaw"]
[Black "Cyborowski, Lukasz"]
[Result "1/2-1/2"]
[WhiteElo "2461"]
[BlackElo "2580"]
[EventDate "2007.02.09"]
[PlyCount "33"]

1. d4 g6 2. c4 Bg7 3. Nf3 Nf6 4. g3 d5 5. cxd5 Nxd5 6. Bg2 Nb6 7. O-O Nc6 8.
Nc3 Nxd4 9. Nxd4 Qxd4 10. Nb5 Qc4 11. Qb3 O-O 12. Qxc4 Nxc4 13. Nxc7 Rb8 14.
Nd5 e6 15. Bf4 Be5 16. Ne7+ Kg7 17. Bxe5+ 1/2-1/2

[Event "POL-ch 64th"]
[Site "Opole POL"]
[Date "2007.02.19"]
[Round "10.2"]
[White "Grabarczyk, Bogdan"]
[Black "Macieja, Bartlomiej"]
[Result "0-1"]
[WhiteElo "2441"]
[BlackElo "2629"]
[EventDate "2007.02.09"]
[PlyCount "80"]

1. e4 e5 2. Nf3 Nc6 3. Bb5 a6 4. Ba4 Nf6 5. O-O Bc5 6. c3 O-O 7. d4 Bb6 8. Bg5
h6 9. Bh4 d6 10. Qd3 Ne7 11. Nbd2 Ng6 12. Bg3 Nh5 13. Nc4 Ba7 14. Bb3 b5 15.
Ne3 Nhf4 16. Qd2 Bb7 17. d5 Qf6 18. Kh1 Bc8 19. Ng1 h5 20. f3 Qg5 21. Rad1 h4
22. Bf2 f6 23. h3 Nh5 24. Ne2 Ngf4 25. Nxf4 exf4 26. Nc2 Ng3+ 27. Bxg3 hxg3 28.
Nd4 Qh4 29. Rfe1 Bxh3 30. gxh3 Qxh3+ 31. Kg1 Kf7 32. Qg2 Rh8 33. Qxh3 Rxh3 34.
Kf1 Rh2 35. Re2 Rah8 36. Ke1 Rh1+ 37. Kd2 Rxd1+ 38. Kxd1 Rh1+ 39. Kd2 Bxd4 40.
cxd4 Rh2 0-1

[Event "POL-ch 64th"]
[Site "Opole POL"]
[Date "2007.02.19"]
[Round "10.3"]
[White "Lubczynski, Rafal"]
[Black "Socko, Bartosz"]
[Result "0-1"]
[WhiteElo "2383"]
[BlackElo "2629"]
[EventDate "2007.02.09"]
[PlyCount "78"]

1. d4 Nf6 2. c4 e6 3. Nf3 Bb4+ 4. Bd2 Qe7 5. a3 Bxd2+ 6. Qxd2 O-O 7. Nc3 d6 8.
g3 b6 9. Bg2 Bb7 10. O-O Nbd7 11. Rad1 Rfd8 12. Qc2 c5 13. d5 Nf8 14. e4 exd5
15. exd5 Bc8 16. Nh4 Re8 17. Qc1 Qc7 18. Qf4 a6 19. Rfe1 Bd7 20. Nf5 Bxf5 21.
Qxf5 Ng6 22. f4 Re7 23. Ne4 Nxe4 24. Rxe4 b5 25. cxb5 axb5 26. Rde1 Rxe4 27.
Qxe4 c4 28. Qd4 Qd7 29. Qb6 Rc8 30. Re3 h5 31. Qa6 h4 32. Kf2 Nf8 33. gxh4 Qd8
34. Kg1 Ng6 35. Qxb5 Nxf4 36. Qb4 Qxh4 37. Qe1 Qg4 38. Re8+ Kh7 39. Qe4+ f5 0-1

[Event "POL-ch 64th"]
[Site "Opole POL"]
[Date "2007.02.19"]
[Round "10.4"]
[White "Heberla, Bartlomiej"]
[Black "Bartel, Mateusz"]
[Result "0-1"]
[WhiteElo "2557"]
[BlackElo "2587"]
[EventDate "2007.02.09"]
[PlyCount "147"]

1. e4 e6 2. d4 d5 3. e5 c5 4. c3 Qb6 5. Nf3 Bd7 6. a3 Bb5 7. b4 cxd4 8. Bxb5+
Qxb5 9. cxd4 Nd7 10. Nc3 Qc6 11. Na4 a5 12. Bd2 Qa6 13. bxa5 Ne7 14. Rb1 Nc6
15. Nb6 Ra7 16. Nc8 Ra8 17. Nb6 Ra7 18. Nxd7 Kxd7 19. Qa4 Qd3 20. Rb3 Qc4 21.
Qxc4 dxc4 22. Rb5 Bxa3 23. Ke2 Rha8 24. Ra1 Be7 25. Ra4 Bd8 26. Rxc4 Nxa5 27.
Rcb4 Ke8 28. Be3 Ra6 29. Nd2 Be7 30. Rb2 Rd8 31. Kd3 Nc6 32. Nc4 Ra4 33. Kc3
Rd7 34. Nb6 Ra3+ 35. R2b3 Rxb3+ 36. Rxb3 Rc7 37. Kd3 Nb4+ 38. Ke4 f5+ 39. exf6
gxf6 40. g4 Rc2 41. h4 Kf7 42. Na4 Rc4 43. Nb2 Rc7 44. Nd3 Nc6 45. Rb5 Rd7 46.
f4 Bf8 47. f5 Nd8 48. Nf4 Bd6 49. fxe6+ Nxe6 50. Nxe6 Kxe6 51. Rb6 Kf7 52. Kf5
Be7 53. Rb5 Bd8 54. d5 b6 55. Bd4 Ra7 56. Rb4 Rb7 57. Bb2 b5 58. g5 Be7 59. Rf4
fxg5 60. hxg5 Rd7 61. g6+ hxg6+ 62. Ke5+ Ke8 63. Rf1 Bf8 64. Bc1 b4 65. Bg5 b3
66. Bf6 Rb7 67. Kd4 b2 68. Rb1 Kd7 69. Kc3 Ba3 70. Be5 Rb5 71. Kc2 g5 72. Bc3
g4 73. Rg1 Bc5 74. Rh1 0-1

[Event "POL-ch 64th"]
[Site "Opole POL"]
[Date "2007.02.19"]
[Round "10.5"]
[White "Tomczak, Jacek"]
[Black "Kempinski, Robert"]
[Result "1-0"]
[WhiteElo "2457"]
[BlackElo "2590"]
[EventDate "2007.02.09"]
[PlyCount "67"]

1. e4 c5 2. Nf3 e6 3. d4 cxd4 4. Nxd4 a6 5. Bd3 Qc7 6. O-O Nf6 7. c4 Nc6 8. Be3
Ne5 9. h3 b6 10. f4 Nxd3 11. Qxd3 Bb7 12. Nd2 Be7 13. Rad1 Rc8 14. b3 O-O 15.
e5 Nh5 16. Ne2 g6 17. g4 Ng7 18. Ne4 Qc6 19. N2g3 Rfd8 20. Rf2 Ne8 21. f5 d5
22. fxg6 hxg6 23. cxd5 Rxd5 24. Qf1 Rxd1 25. Qxd1 Bh4 26. Kh2 f5 27. exf6 Nxf6
28. Rxf6 Bxg3+ 29. Kxg3 Qxe4 30. Qd4 Qb1 31. Kh4 g5+ 32. Bxg5 Qe1+ 33. Kh5 Qc3
34. Rg6+ 1-0

[Event "POL-ch 64th"]
[Site "Opole POL"]
[Date "2007.02.19"]
[Round "10.7"]
[White "Bobula, Mateusz"]
[Black "Bobras, Piotr"]
[Result "1-0"]
[WhiteElo "2359"]
[BlackElo "2542"]
[EventDate "2007.02.09"]
[PlyCount "51"]

1. d4 Nf6 2. c4 g6 3. Nf3 Bg7 4. g3 O-O 5. Bg2 d6 6. O-O Nc6 7. Nc3 Bf5 8. b3
e5 9. d5 Ne7 10. Nh4 Bd7 11. e4 Ne8 12. Qc2 f5 13. f4 fxe4 14. Bxe4 c6 15. f5
gxf5 16. Nxf5 Nxf5 17. Bxf5 Qb6+ 18. Kg2 Bxf5 19. Rxf5 Nc7 20. Rh5 e4 21. Nxe4
Ne8 22. Bb2 Qe3 23. Ng5 Nf6 24. Bxf6 Rxf6 25. Qxh7+ Kf8 26. Ne6+ 1-0

[Event "POL-ch 64th"]
[Site "Opole POL"]
[Date "2007.02.20"]
[Round "11.1"]
[White "Bobras, Piotr"]
[Black "Grabarczyk, Miroslaw"]
[Result "1-0"]
[WhiteElo "2542"]
[BlackElo "2461"]
[EventDate "2007.02.09"]
[PlyCount "62"]

1. e4 e5 2. Nf3 Nc6 3. Bb5 Nf6 4. O-O Nxe4 5. d4 Nd6 6. Bxc6 dxc6 7. dxe5 Nf5
8. Qxd8+ Kxd8 9. Nc3 Ne7 10. h3 Ng6 11. Bg5+ Be7 12. Rad1+ Ke8 13. Bxe7 Kxe7
14. Nd4 Nf4 15. Ne4 h5 16. h4 Rd8 17. Rfe1 Ng6 18. g3 Kf8 19. e6 Bxe6 20. Nxe6+
fxe6 21. Nc5 Kf7 22. Nxb7 Rxd1 23. Rxd1 Ne5 24. Nc5 Rb8 25. b3 Rb5 26. Ne4 Rd5
27. Ng5+ Kf6 28. Re1 Kf5 29. Kg2 g6 30. Re4 Kf6 31. c4 Rd1 1-0

[Event "POL-ch 64th"]
[Site "Opole POL"]
[Date "2007.02.20"]
[Round "11.2"]
[White "Markowski, Tomasz"]
[Black "Bobula, Mateusz"]
[Result "1/2-1/2"]
[WhiteElo "2553"]
[BlackElo "2359"]
[EventDate "2007.02.09"]
[PlyCount "94"]

1. c4 c5 2. g3 Nf6 3. Bg2 g6 4. Nc3 Bg7 5. e3 Nc6 6. Nge2 d6 7. O-O O-O 8. d3
Bd7 9. h3 a6 10. b3 Rb8 11. Bb2 b5 12. Qd2 Ne8 13. g4 f5 14. gxf5 Rxf5 15. Ng3
Rf8 16. f4 Nf6 17. Rad1 Qc8 18. Kh2 e5 19. fxe5 Nxe5 20. d4 cxd4 21. exd4 Nf7
22. cxb5 axb5 23. Nce4 Nxe4 24. Nxe4 Bf5 25. Ng3 Bd7 26. Rf2 Nh6 27. Rdf1 Nf5
28. Nxf5 Bxf5 29. Re2 Qd7 30. Rfe1 Bf6 31. Qb4 Rbc8 32. d5 Bxb2 33. Rxb2 Rfe8
34. Rbe2 Rxe2 35. Rxe2 Rc2 36. Rxc2 Bxc2 37. Qa5 Qe8 38. Qc3 Qe5+ 39. Qxe5 dxe5
40. d6 Kf8 41. b4 e4 42. h4 Ke8 43. Bh3 e3 44. Bf1 Ba4 45. Kg3 Kd7 46. Kf4 Kxd6
47. Kxe3 h6 1/2-1/2